000
00310nam a2200133Ia 4500
005
20251222144652.0
008
251222s9999||||xx |||||||||||||| ||spa||
020
_a
84-206-7245-9
082
_a
791.437.5/H94
100
_a
Hunter, Allan
245
0
_a
Los Clásicos del Cine
264
_b
Alianza
942
_c
LIB
999
_c
17108
_d
17108